00515 2200193 4500001002100000005001500021035002000036007000300056008004100059020001500100082001000115084001600125100002100141245006900162250001200231260003300243300003600276990000900312INLIS00000000001120920220405102650 a0010-0422000008ta220405 a 0 ind  a9793806125 a372.4 a372.4 SOE l0 aSOEDJONO, wahyoe1 aLatihan Membaca Menulis Sambil Mewarnai TK. B /cWahyoe Soedjono aCet. 10 aJakarta :bWahyumedia,c2006 a24 hlm :b.ilus ;c15,5 x 21 cm a402A